000 00760nam a22002417a 4500
001 00532
003 DO-SdBNP
005 20171127134339.0
007 00532
008 160613b 1974 xxu |||| 00| 0 spa d
040 _aBPMSU
_bspa
_cBPMSU
092 _axxxxxxxx
_bxxxxxxxxx
245 _aContabilidad práctica para el Siglo XX :
_bcurso elemental /
_ctraducción Antonio de la Luz
250 _a3a ed.
260 _aEstados Unidos :
_b ,
_c1974
300 _a492 p. :
_c24 cm.
500 _aUna traducción y adaptación del libro 20th Century Bookkeeping & Accounting
700 1 _aDe la Luz, Antonio,
_etr.
700 1 _aLledo, Marina,
_etr.
942 _2ddc
_cBK
945 _aInventariado extranjero / 2017 VM
956 _aVMATEO
_b10
_c20171127
_dBPMSU
_20069
999 _c13133
_d13133